000 00302nam a22001217a 4500
020 _a8173713200
082 _222
_a333.33
100 _aGillen, Terry.
245 _aThe appraisal discuession /
260 _aNew Delhi,
_bUniversity Press,
_cc2000.
300 _a71 p. ;
_bill. ;
_c20 cm.
942 _2ddc
_cF
999 _c2412
_d2412